00629nam a2200181Ia 4500008004100000020001800041041000800059082001700067100001700084245003900101260001600140300000800156365001600164700003200180906005400212999001900266952016200285230718s9999 xx 000 0 und d a9788126528691 aeng a005.7'2bMOR aMoreira J.C. aEssentials Of Error-Control Coding c2014bWiley a361 cRs.b599.00 aMoreira J.C. & Farrell P.G. dO:0437631-Dec-2014B:392602-Dec-2014cETC b1497.5 c338932d338932 00104070aCCEPbCCEPd2014-12-31eOm Book StallfETC g432.61i3926l0o005.7'2pCCEP-BK-50139r2023-07-18 00:00:00t1497.5v599.00w2014-12-02yBKz050139